000 00653nam a2200241Ia 4500
003 OSt
005 20220918221646.0
006 a|||||r|||| 00| 0
007 ta
008 220917b |||||||| |||| 00| 0 eng d
024 _a202,421
037 _cTextual
040 _aARTS
_cARTS
_beng
041 _2eng
_aeng
082 _aY:1xN25, P0
100 _aBuchanan Ian
_921867
245 0 _aMichel de Certeau
_b cultural theorist
260 _aNew Delhi
_bSage Publications
_c2000
300 _aviii, 143p
_ccm.
490 _aTheory, culture and society
942 _hY:1xN25, P0
_cTEXL
_2CC
999 _c273303
_d273303